|
|
|
|
| LEADER |
01159cam a2200265 i 4500 |
| 008 |
800213s1978 ii b 000 0 eng |
| 010 |
|
|
|a 79904012
|
| 020 |
|
|
|c Rs12.00
|
| 043 |
|
|
|a a-ii---
|
| 082 |
0 |
0 |
|a 507.054, TEC
|
| 245 |
0 |
0 |
|a Technical literature in Sanskrit /
|c edited by S. Venkitasubramonia Iyer.
|
| 260 |
|
|
|a Trivandrum :
|b Dept. of Sanskrit, University of Kerala,
|c 1978.
|
| 300 |
|
|
|a iii, 181 p. ;
|c 23 cm.
|
| 490 |
1 |
|
|a Kerala University Sanskrit Department publication ; no. 10
|
| 504 |
|
|
|a Includes bibliographies.
|
| 650 |
|
0 |
|a Sanskrit literature
|x History and criticism.
|
| 650 |
|
0 |
|a Technical literature
|x History.
|
| 700 |
2 |
|
|a Venkitasubramonia Iyer, S.,
|
| 942 |
|
|
|c BK
|
| 590 |
|
|
|a In English.
|
| 710 |
1 |
|
|a Trivandrum, India (City).
|b University of Kerala.
|b Department of Sanskrit.
|
| 810 |
1 |
|
|a Trivandrum, India (City).
|b University of Kerala.
|b Department of Sanskrit.
|t Publication ;
|v no. 10.
|
| 906 |
|
|
|a 7
|b cbc
|c orignew
|d 4
|e ncip
|f 19
|g y-gencatlg
|
| 999 |
|
|
|c 249227
|d 249227
|
| 952 |
|
|
|0 0
|1 0
|2 ddc
|4 0
|6 891_000000000000000_209_TEC
|7 0
|9 277014
|a SAN
|b SAN
|c ST1
|d 2015-10-31
|g 12.00
|i 1888
|l 5
|o 891.209, TEC
|p SAN1888
|r 2021-09-29
|s 2020-02-25
|y BK
|